[Event "FIDE World Uni Blitz-B 1st"]
[Site "Tornelo INT"]
[Date "2021.03.13"]
[Round "10.28"]
[White "Defromont, Benjamin"]
[Black "Habibi, Azmi Nur"]
[Result "1-0"]
[WhiteElo "2246"]
[BlackElo "1986"]
[PlyCount "61"]
[EventDate "2021.03.13"]
[EventType "swiss (blitz)"]
[EventRounds "10"]
[EventCountry "NET"]
[SourceTitle "EXT 2022"]
[Source "ChessBase"]
[SourceDate "2021.10.06"]
[SourceVersion "1"]
[SourceVersionDate "2021.10.06"]
[SourceQuality "1"]

1. e4 c5 2. Nf3 e6 3. g3 Nc6 4. Bg2 d5 5. exd5 exd5 6. d4 Nf6 7. 0-0 Be7 8. dxc5 0-0 9. Be3 Bg4 10. h3 Bxf3 11. Qxf3 d4 12. Bf4 Bxc5 13. Nd2 h6 14. Nb3 Bb6 15. Rad1 Rc8 16. c3 a5 17. Nxd4 Bxd4 18. cxd4 Qb6 19. d5 Nb4 20. d6 Rfd8 21. Qxb7 Qxb7 22. Bxb7 Rc2 23. a3 Na2 24. Be5 Nd7 25. Bd4 Nf6 26. Bb6 Rd7 27. Ba6 Rxb2 28. Bc7 Nc3 29. Rd3 Ne2+ 30. Kg2 Nf4+ 31. gxf4 1-0

[Event "FIDE World Uni Blitz-B 1st"]
[Site "Tornelo INT"]
[Date "2021.03.13"]
[Round "5.45"]
[White "Habibi, Azmi Nur"]
[Black "Erdal, Emre"]
[Result "1-0"]
[WhiteElo "1986"]
[BlackElo "1516"]
[PlyCount "79"]
[EventDate "2021.03.13"]
[EventType "swiss (blitz)"]
[EventRounds "10"]
[EventCountry "NET"]
[SourceTitle "EXT 2022"]
[Source "ChessBase"]
[SourceDate "2021.10.06"]
[SourceVersion "1"]
[SourceVersionDate "2021.10.06"]
[SourceQuality "1"]

1. e4 c6 2. d4 d5 3. Nc3 dxe4 4. Nxe4 Bf5 5. Ng3 Bg6 6. h4 h6 7. Nf3 Nd7 8. h5 Bh7 9. Bd3 Bxd3 10. Qxd3 Ngf6 11. Bf4 Qa5+ 12. Bd2 Qc7 13. 0-0-0 e6 14. c4 0-0-0 15. Ne4 Nxe4 16. Qxe4 Nf6 17. Qc2 Bd6 18. g3 Kb8 19. Bc3 Ka8 20. c5 Be7 21. Qa4 Rb8 22. Ba5 Qc8 23. Ne5 Rf8 24. Bb6 a6 25. Rd3 Nd5 26. f4 Nxb6 27. cxb6 Bf6 28. Nc4 c5 29. Nd6 Qd8 30. dxc5 Qe7 31. Rhd1 e5 32. c6 Rbc8 33. Nxc8 Rxc8 34. Kb1 Rxc6 35. fxe5 Bg5 36. Rd7 Qc5 37. a3 Rc8 38. Rxf7 Qc4 39. Qxc4 Rxc4 40. Rf8+ 1-0

[Event "FIDE World Uni Blitz-B 1st"]
[Site "Tornelo INT"]
[Date "2021.03.13"]
[Round "3.43"]
[White "Habibi, Azmi Nur"]
[Black "Trivedi, Shriraj"]
[Result "1-0"]
[WhiteElo "1986"]
[BlackElo "1273"]
[PlyCount "113"]
[EventDate "2021.03.13"]
[EventType "swiss (blitz)"]
[EventRounds "10"]
[EventCountry "NET"]
[SourceTitle "EXT 2022"]
[Source "ChessBase"]
[SourceDate "2021.10.06"]
[SourceVersion "1"]
[SourceVersionDate "2021.10.06"]
[SourceQuality "1"]

1. e4 c5 2. Nf3 Nc6 3. d4 cxd4 4. Nxd4 g6 5. Nc3 Bg7 6. Be3 Nf6 7. Nxc6 bxc6 8. e5 Ng8 9. f4 Nh6 10. Qd2 e6 11. Bc5 Nf5 12. 0-0-0 Bf8 13. Bf2 Be7 14. g4 Ng7 15. h4 h5 16. gxh5 Nxh5 17. Ne4 a5 18. Be2 a4 19. Rdg1 a3 20. b3 Qa5 21. Qxa5 Rxa5 22. c4 Nxf4 23. Kd2 Nxe2 24. Kxe2 Rxe5 25. Kd3 Rf5 26. Bd4 Rxh4 27. Rxh4 Bxh4 28. Nd6+ Kd8 29. Nxf5 gxf5 30. Rh1 Be7 31. Bb6+ Ke8 32. Rh8+ Bf8 33. Bc5 d6 34. Bxd6 Kd7 35. Bxf8 Bb7 36. Bxa3 c5 37. Bxc5 Be4+ 38. Ke3 Kc6 39. Bd4 Kd6 40. Rf8 e5 41. Rxf7 exd4+ 42. Kxd4 Kc6 43. b4 Bb1 44. Rf6+ Kb7 45. a4 Bc2 46. a5 Bb3 47. b5 Ba4 48. Rxf5 Ka7 49. Kc5 Kb7 50. Rf7+ Kc8 51. Kc6 Kd8 52. Rd7+ Ke8 53. a6 Bd1 54. Rd3 Be2 55. Re3+ Kd8 56. Rxe2 Kc8 57. Re8# 1-0